<?xml version="1.0" encoding="UTF-8"?>
<record
    xmlns:xsi="http://www.w3.org/2001/XMLSchema-instance"
    xsi:schemaLocation="http://www.loc.gov/MARC21/slim http://www.loc.gov/standards/marcxml/schema/MARC21slim.xsd"
    xmlns="http://www.loc.gov/MARC21/slim">

  <leader>02994nam0a2200385   4500</leader>
  <controlfield tag="001">RU\NLR\BIBL_A\012934485</controlfield>
  <controlfield tag="005">20221230114134.0</controlfield>
  <datafield tag="010" ind1=" " ind2=" ">
    <subfield code="a">978-5-91728-135-3</subfield>
    <subfield code="9">200</subfield>
  </datafield>
  <datafield tag="021" ind1=" " ind2=" ">
    <subfield code="a">RU</subfield>
    <subfield code="b">&#x41A;&#x41D;-&#x41F;-22-068106</subfield>
    <subfield code="9">&#x41A;&#x41D;-&#x41F;-22-5926</subfield>
  </datafield>
  <datafield tag="035" ind1=" " ind2=" ">
    <subfield code="a">(NLR Aleph) 012934485</subfield>
  </datafield>
  <datafield tag="035" ind1=" " ind2=" ">
    <subfield code="a">(RuMoRGB)011269069</subfield>
  </datafield>
  <datafield tag="090" ind1=" " ind2=" ">
    <subfield code="a">12685468</subfield>
    <subfield code="c">12685468</subfield>
  </datafield>
  <datafield tag="100" ind1=" " ind2=" ">
    <subfield code="a">20221109d2018    u  y0rusy50      ca</subfield>
  </datafield>
  <datafield tag="101" ind1="0" ind2=" ">
    <subfield code="a">rus</subfield>
  </datafield>
  <datafield tag="102" ind1=" " ind2=" ">
    <subfield code="a">RU</subfield>
  </datafield>
  <datafield tag="105" ind1=" " ind2=" ">
    <subfield code="a">ac  z   000ay</subfield>
  </datafield>
  <datafield tag="181" ind1=" " ind2="0">
    <subfield code="a">i3</subfield>
    <subfield code="b">axxe  </subfield>
  </datafield>
  <datafield tag="182" ind1=" " ind2="0">
    <subfield code="a">n</subfield>
  </datafield>
  <datafield tag="200" ind1="1" ind2=" ">
    <subfield code="a">&#x41D;&#x43E;&#x441;&#x442;&#x430;&#x43B;&#x44C;&#x433;&#x438;&#x44F;. &#x414;&#x443;&#x431;&#x440;&#x435;&#x436;&#x441;&#x43A;&#x438;&#x435; &#x437;&#x430;&#x440;&#x438;&#x441;&#x43E;&#x432;&#x43A;&#x438;</subfield>
    <subfield code="e">&#x440;&#x430;&#x441;&#x441;&#x43A;&#x430;&#x437;&#x44B;</subfield>
    <subfield code="f">&#x41C;. &#x414;. &#x41F;&#x43E;&#x43B;&#x435;&#x43D;&#x43E;&#x43A;</subfield>
  </datafield>
  <datafield tag="203" ind1=" " ind2=" ">
    <subfield code="a">&#x422;&#x435;&#x43A;&#x441;&#x442;</subfield>
    <subfield code="b">&#x432;&#x438;&#x437;&#x443;&#x430;&#x43B;&#x44C;&#x43D;&#x44B;&#x439;</subfield>
    <subfield code="c">&#x43D;&#x435;&#x43F;&#x43E;&#x441;&#x440;&#x435;&#x434;&#x441;&#x442;&#x432;&#x435;&#x43D;&#x43D;&#x44B;&#x439;</subfield>
  </datafield>
  <datafield tag="210" ind1=" " ind2=" ">
    <subfield code="a">&#x41A;&#x430;&#x43B;&#x438;&#x43D;&#x438;&#x43D;&#x433;&#x440;&#x430;&#x434;</subfield>
    <subfield code="c">&#x421;&#x442;&#x440;&#x430;&#x436; &#x411;&#x430;&#x43B;&#x442;&#x438;&#x43A;&#x438;</subfield>
    <subfield code="d">2018</subfield>
  </datafield>
  <datafield tag="215" ind1=" " ind2=" ">
    <subfield code="a">203 &#x441;.</subfield>
    <subfield code="c">&#x438;&#x43B;., &#x43F;&#x43E;&#x440;&#x442;&#x440;.</subfield>
    <subfield code="d">22</subfield>
  </datafield>
  <datafield tag="300" ind1=" " ind2=" ">
    <subfield code="a">&#x41D;&#x430; 4-&#x439; &#x441;. &#x43E;&#x431;&#x43B;. &#x430;&#x432;&#x442;.: &#x41F;&#x43E;&#x43B;&#x435;&#x43D;&#x43E;&#x43A; &#x41C;. &#x414;. - &#x43A;&#x430;&#x43F;. I &#x440;&#x430;&#x43D;&#x433;&#x430; &#x437;&#x430;&#x43F;&#x430;&#x441;&#x430;</subfield>
  </datafield>
  <datafield tag="311" ind1=" " ind2=" ">
    <subfield code="a">&#x414;&#x43E;&#x43F;. &#x43E;&#x447;&#x435;&#x440;&#x43A;&#x430; "&#x414;&#x443;&#x431;&#x440;&#x435;&#x436;&#x43A;&#x430;. &#x41E;&#x442; &#x440;&#x430;&#x441;&#x441;&#x432;&#x435;&#x442;&#x430; &#x434;&#x43E; &#x437;&#x430;&#x43A;&#x430;&#x442;&#x430;", 2017 &#x433;.</subfield>
  </datafield>
  <datafield tag="330" ind1=" " ind2=" ">
    <subfield code="a">&#x421;&#x431;&#x43E;&#x440;&#x43D;&#x438;&#x43A; &#x440;&#x430;&#x441;&#x441;&#x43A;&#x430;&#x437;&#x43E;&#x432; "&#x41D;&#x43E;&#x441;&#x442;&#x430;&#x43B;&#x44C;&#x433;&#x438;&#x44F;. &#x414;&#x443;&#x431;&#x440;&#x435;&#x436;&#x441;&#x43A;&#x438;&#x435; &#x437;&#x430;&#x440;&#x438;&#x441;&#x43E;&#x432;&#x43A;&#x438;" &#x44F;&#x432;&#x43B;&#x44F;&#x435;&#x442;&#x441;&#x44F; &#x445;&#x443;&#x434;&#x43E;&#x436;&#x435;&#x441;&#x442;&#x432;&#x435;&#x43D;&#x43D;&#x44B;&#x43C; &#x434;&#x43E;&#x43F;&#x43E;&#x43B;&#x43D;&#x435;&#x43D;&#x438;&#x435;&#x43C; &#x438;&#x441;&#x442;&#x43E;&#x440;&#x438;&#x447;&#x435;&#x441;&#x43A;&#x43E;&#x433;&#x43E; &#x43E;&#x447;&#x435;&#x440;&#x43A;&#x430; "&#x414;&#x443;&#x431;&#x440;&#x435;&#x436;&#x43A;&#x430;. &#x41E;&#x442; &#x440;&#x430;&#x441;&#x441;&#x432;&#x435;&#x442;&#x430; &#x434;&#x43E; &#x437;&#x430;&#x43A;&#x430;&#x442;&#x430;", &#x432;&#x44B;&#x43F;&#x443;&#x449;&#x435;&#x43D;&#x43D;&#x43E;&#x433;&#x43E; &#x432; 2017 &#x433;&#x43E;&#x434;&#x443; &#x438;&#x437;&#x434;&#x430;&#x442;&#x435;&#x43B;&#x44C;&#x441;&#x442;&#x432;&#x43E;&#x43C; "&#x421;&#x442;&#x440;&#x430;&#x436; &#x411;&#x430;&#x43B;&#x442;&#x438;&#x43A;&#x438;". &#x410;&#x432;&#x442;&#x43E;&#x440; &#x432;&#x44B;&#x440;&#x430;&#x436;&#x430;&#x435;&#x442; &#x43F;&#x440;&#x438;&#x437;&#x43D;&#x430;&#x442;&#x435;&#x43B;&#x44C;&#x43D;&#x43E;&#x441;&#x442;&#x44C; &#x413;&#x43E;&#x440;&#x431;&#x430;&#x447;&#x451;&#x432;&#x443; &#x412;&#x438;&#x43A;&#x442;&#x43E;&#x440;&#x443; &#x412;&#x430;&#x441;&#x438;&#x43B;&#x44C;&#x435;&#x432;&#x438;&#x447;&#x443; &#x437;&#x430; &#x43E;&#x43A;&#x430;&#x437;&#x430;&#x43D;&#x43D;&#x443;&#x44E; &#x43F;&#x43E;&#x43C;&#x43E;&#x449;&#x44C; &#x432; &#x445;&#x443;&#x434;&#x43E;&#x436;&#x435;&#x441;&#x442;&#x432;&#x435;&#x43D;&#x43D;&#x43E;&#x43C; &#x43E;&#x444;&#x43E;&#x440;&#x43C;&#x43B;&#x435;&#x43D;&#x438;&#x438; &#x441;&#x431;&#x43E;&#x440;&#x43D;&#x438;&#x43A;&#x430; &#x438; &#x41C;&#x435;&#x43B;&#x44C;&#x43D;&#x438;&#x43A;&#x43E;&#x432;&#x443; &#x412;&#x430;&#x441;&#x438;&#x43B;&#x438;&#x44E; &#x41C;&#x438;&#x445;&#x430;&#x439;&#x43B;&#x43E;&#x432;&#x438;&#x447;&#x443; &#x437;&#x430; &#x43E;&#x441;&#x43D;&#x43E;&#x432;&#x443; &#x441;&#x44E;&#x436;&#x435;&#x442;&#x430; "&#x421;&#x43C;&#x435;&#x43A;&#x430;&#x43B;&#x438;&#x441;&#x442;&#x44B;&#x439; &#x430;&#x438;&#x441;&#x442;". &#x41E;&#x441;&#x43E;&#x431;&#x443;&#x44E; &#x43F;&#x440;&#x438;&#x437;&#x43D;&#x430;&#x442;&#x435;&#x43B;&#x44C;&#x43D;&#x43E;&#x441;&#x442;&#x44C; &#x430;&#x432;&#x442;&#x43E;&#x440; &#x432;&#x44B;&#x440;&#x430;&#x436;&#x430;&#x435;&#x442; &#x441;&#x432;&#x43E;&#x435;&#x43C;&#x443; &#x431;&#x44B;&#x432;&#x448;&#x435;&#x43C;&#x443; &#x43D;&#x430;&#x447;&#x430;&#x43B;&#x44C;&#x43D;&#x438;&#x43A;&#x443; - &#x43A;&#x43E;&#x43C;&#x430;&#x43D;&#x434;&#x443;&#x44E;&#x449;&#x435;&#x43C;&#x443; &#x411;&#x430;&#x43B;&#x442;&#x438;&#x439;&#x441;&#x43A;&#x438;&#x43C; &#x444;&#x43B;&#x43E;&#x442;&#x43E;&#x43C; &#x430;&#x434;&#x43C;&#x438;&#x440;&#x430;&#x43B;&#x443; &#x415;&#x433;&#x43E;&#x440;&#x43E;&#x432;&#x443; &#x412;&#x43B;&#x430;&#x434;&#x438;&#x43C;&#x438;&#x440;&#x443; &#x413;&#x440;&#x438;&#x433;&#x43E;&#x440;&#x44C;&#x435;&#x432;&#x438;&#x447;&#x443;, &#x43F;&#x43E;&#x434;&#x434;&#x435;&#x440;&#x436;&#x430;&#x432;&#x448;&#x435;&#x43C;&#x443; &#x438;&#x437;&#x434;&#x430;&#x43D;&#x438;&#x435; &#x438;&#x441;&#x442;&#x43E;&#x440;&#x438;&#x447;&#x435;&#x441;&#x43A;&#x43E;&#x433;&#x43E; &#x43E;&#x447;&#x435;&#x440;&#x43A;&#x430; &#x438; &#x43D;&#x435;&#x43E;&#x431;&#x445;&#x43E;&#x434;&#x438;&#x43C;&#x43E;&#x441;&#x442;&#x44C; &#x435;&#x433;&#x43E; &#x434;&#x43E;&#x43F;&#x43E;&#x43B;&#x43D;&#x435;&#x43D;&#x438;&#x44F; &#x434;&#x430;&#x43D;&#x43D;&#x44B;&#x43C; &#x441;&#x431;&#x43E;&#x440;&#x43D;&#x438;&#x43A;&#x43E;&#x43C;. &#x41E;&#x442;&#x434;&#x435;&#x43B;&#x44C;&#x43D;&#x443;&#x44E; &#x43F;&#x440;&#x438;&#x437;&#x43D;&#x430;&#x442;&#x435;&#x43B;&#x44C;&#x43D;&#x43E;&#x441;&#x442;&#x44C; &#x438; &#x431;&#x43B;&#x430;&#x433;&#x43E;&#x434;&#x430;&#x440;&#x43D;&#x43E;&#x441;&#x442;&#x44C; &#x430;&#x432;&#x442;&#x43E;&#x440; &#x432;&#x44B;&#x440;&#x430;&#x436;&#x430;&#x435;&#x442; &#x437;&#x435;&#x43C;&#x43B;&#x44F;&#x43A;&#x443; &#xFF96; &#x443;&#x440;&#x43E;&#x436;&#x435;&#x43D;&#x446;&#x443; &#x43F;. &#x421;&#x435;&#x44F;&#x442;&#x435;&#x43B;&#x44C; &#x41F;&#x43E;&#x43B;&#x435;&#x43D;&#x43E;&#x43A; &#x41C;&#x438;&#x445;&#x430;&#x438;&#x43B;&#x443; &#x418;&#x432;&#x430;&#x43D;&#x43E;&#x432;&#x438;&#x447;&#x443;, &#x434;&#x43E;&#x431;&#x440;&#x43E;&#x439; &#x434;&#x443;&#x448;&#x438; &#x447;&#x435;&#x43B;&#x43E;&#x432;&#x435;&#x43A;&#x443;, &#x43D;&#x435; &#x437;&#x430;&#x431;&#x44B;&#x432;&#x430;&#x44E;&#x449;&#x435;&#x43C;&#x443; &#x441;&#x432;&#x43E;&#x438;&#x445; &#x43A;&#x43E;&#x440;&#x43D;&#x435;&#x439; &#x438; &#x438;&#x441;&#x442;&#x43E;&#x43A;&#x43E;&#x432;, &#x43E;&#x43A;&#x430;&#x437;&#x430;&#x432;&#x448;&#x435;&#x43C;&#x443; &#x43C;&#x430;&#x442;&#x435;&#x440;&#x438;&#x430;&#x43B;&#x44C;&#x43D;&#x443;&#x44E; &#x43F;&#x43E;&#x43C;&#x43E;&#x449;&#x44C; &#x432; &#x438;&#x437;&#x434;&#x430;&#x43D;&#x438;&#x438; &#x43A;&#x43D;&#x438;&#x433;&#x438;</subfield>
  </datafield>
  <datafield tag="488" ind1=" " ind2="0">
    <subfield code="1">2001#$a&#x414;&#x443;&#x431;&#x440;&#x435;&#x436;&#x43A;&#x430;. &#x41E;&#x442; &#x440;&#x430;&#x441;&#x441;&#x432;&#x435;&#x442;&#x430; &#x434;&#x43E; &#x437;&#x430;&#x43A;&#x430;&#x442;&#x430;$e&#x43E;&#x447;&#x435;&#x440;&#x43A;</subfield>
  </datafield>
  <datafield tag="675" ind1=" " ind2=" ">
    <subfield code="a">821.161.1-32</subfield>
    <subfield code="v">4</subfield>
  </datafield>
  <datafield tag="686" ind1="2" ind2=" ">
    <subfield code="a">&#x428;6(2=&#x420;)8-440.5</subfield>
  </datafield>
  <datafield tag="700" ind1=" " ind2="1">
    <subfield code="a">&#x41F;&#x43E;&#x43B;&#x435;&#x43D;&#x43E;&#x43A;</subfield>
    <subfield code="b">&#x41C;. &#x414;.</subfield>
    <subfield code="f">1951-</subfield>
    <subfield code="g">&#x41C;&#x438;&#x445;&#x430;&#x438;&#x43B; &#x414;&#x435;&#x43C;&#x44C;&#x44F;&#x43D;&#x43E;&#x432;&#x438;&#x447;</subfield>
  </datafield>
  <datafield tag="942" ind1=" " ind2=" ">
    <subfield code="c">BOOK</subfield>
  </datafield>
  <datafield tag="980" ind1=" " ind2=" ">
    <subfield code="a">NBR</subfield>
  </datafield>
  <datafield tag="980" ind1=" " ind2=" ">
    <subfield code="a">NB</subfield>
  </datafield>
</record>
